Tramas del mercado: imaginación ecónomica, cultura pública y literatura en el Chile de fines del siglo veinte

Αποθηκεύτηκε σε:
Λεπτομέρειες βιβλιογραφικής εγγραφής
Κύριος συγγραφέας: Cárcamo-Huechante, Luis E (Συγγραφέας)
Μορφή: Βιβλίο
Γλώσσα:Ισπανικά
Έκδοση: Santiago Cuarto Propio 2007
Έκδοση:1a. ed
Σειρά:Ensayo-Literatura
Θέματα:
Ετικέτες: Προσθήκη ετικέτας
Δεν υπάρχουν, Καταχωρήστε ετικέτα πρώτοι!

MARC

LEADER 00000cam a2200000 a 4500
001 UCG8710
003 CL-VaPUC
008 111223e20070900CL |||||||||||||||||spa|d
020 |a 9789562604147 
082 0 4 |a 306.0983  |b CAR  |2 21 
100 0 |a Cárcamo-Huechante, Luis E  |e author  |9 559828 
245 1 0 |a Tramas del mercado: imaginación ecónomica, cultura pública y literatura en el Chile de fines del siglo veinte 
250 |a 1a. ed 
300 |a 271 p 
942 |c BK 
945 |d 20111223 00:00:00  |a dcastane 
260 |a Santiago  |b Cuarto Propio  |c 2007 
650 0 |a Historia social  |9 313638 
650 0 |a Historia de Chile  |9 265473 
650 7 |a CULTURA CHILENA  |2 CL-VaPUC  |9 321109 
650 0 |a Historia política  |9 256974 
583 |a last modification  |c 20111223 12:06:00  |k Rodrigo Vera 
490 0 |a Ensayo-Literatura 
999 |c 346308  |d 346306 
952 |0 0  |1 0  |4 0  |6 306_098300000000000_CAR_2007  |7 0  |8 A  |9 446961  |a FDOPOS  |b FDOPOS  |d 2019-11-22  |i 4817370  |o 306.0983 CAR 2007  |p 4817370  |r 2025-01-22  |w 2019-11-22  |y BK  |k DLH